[Event "Pocos de Caldas op"]
[Site "Pocos de Caldas"]
[Date "2022.03.11"]
[Round "2"]
[White "Zampronha, Wladimir Camilo"]
[Black "Casarin, Luis Marcio Pinhatt"]
[Result "1-0"]
[WhiteElo "2157"]
[BlackElo "1823"]
[PlyCount "75"]
[EventDate "2022.03.11"]
[EventType "swiss"]
[EventRounds "6"]
[EventCountry "BRA"]
[SourceTitle "CBM 207 Extra"]
[Source "ChessBase"]
[SourceDate "2022.05.31"]
[SourceVersion "1"]
[SourceVersionDate "2022.05.31"]
[SourceQuality "1"]

1. e4 c5 2. Nf3 d6 3. d4 cxd4 4. Nxd4 Nf6 5. Nc3 a6 6. Bg5 e5 7. Nf5 Bxf5 8. exf5 Nbd7 9. Bc4 Qc7 10. Bb3 Be7 11. 0-0 0-0 12. Qf3 b5 13. Qg3 Kh8 14. Qh4 Nc5 15. Rfe1 Rab8 16. Re3 h6 17. Rd1 Rbd8 18. Rh3 Ng8 19. Nd5 Bxg5 20. Qxg5 f6 21. Qg4 Qb7 22. Rg3 Nxb3 23. cxb3 Rf7 24. Rc3 Rfd7 25. Qb4 Rc8 26. h3 Rc6 27. Rd2 Qc8 28. Nb6 Qb7 29. Nxd7 Rxc3 30. bxc3 Qxd7 31. Rxd6 Qxf5 32. Rxa6 e4 33. Ra8 Qd5 34. Qf8 Kh7 35. Rd8 Qe6 36. Re8 Qd5 37. a4 f5 38. Qxg8+ 1-0

[Event "Sao Paulo Karman Cup"]
[Site "Sao Paulo"]
[Date "2019.08.18"]
[Round "6"]
[White "Ferreira Brandet, Rodrigo Maycon Mira"]
[Black "Casarin, Luis Marcio Pinhatt"]
[Result "1-0"]
[WhiteElo "1864"]
[BlackElo "1847"]
[PlyCount "89"]
[EventDate "2019.08.16"]
[EventType "swiss"]
[EventRounds "6"]
[EventCountry "BRA"]
[SourceTitle "EXT 2021"]
[Source "ChessBase"]
[SourceDate "2020.10.23"]
[SourceVersion "1"]
[SourceVersionDate "2020.10.23"]
[SourceQuality "1"]

1. e4 c5 2. e5 e6 3. f4 d5 4. c3 Nc6 5. Nf3 Nge7 6. b3 Qb6 7. Ba3 g6 8. Be2 Nf5 9. g4 Ng7 10. 0-0 Be7 11. Kg2 Bd7 12. d4 Rc8 13. Qd3 a6 14. Qd2 h5 15. h3 hxg4 16. hxg4 cxd4 17. cxd4 Bb4 18. Bxb4 Qxb4 19. Qxb4 Nxb4 20. Na3 Nc2 21. Nxc2 Rxc2 22. Rf2 Ke7 23. Bd3 Rc3 24. Rd1 Rhc8 25. Ne1 Ne8 26. f5 gxf5 27. gxf5 exf5 28. Bxf5 Bxf5 29. Rxf5 Ng7 30. Rg5 Ne6 31. Rg4 f5 32. Rh4 Rc1 33. Rxc1 Rxc1 34. Kf2 Ra1 35. a4 Ng5 36. Nf3 Ne4+ 37. Ke3 b5 38. Rh7+ Ke8 39. axb5 axb5 40. Rb7 Ra5 41. Kf4 Nc3 42. Kxf5 Ra3 43. Ke6 Kd8 44. Kd6 Kc8 45. Rc7+ 1-0

[Event "Sao Paulo Karman Cup"]
[Site "Sao Paulo"]
[Date "2019.08.17"]
[Round "4"]
[White "Casarin, Luis Marcio Pinhatt"]
[Black "Da Rosa, Henrique Jaze Simoe"]
[Result "0-1"]
[WhiteElo "1847"]
[BlackElo "1675"]
[PlyCount "94"]
[EventDate "2019.08.16"]
[EventType "swiss"]
[EventRounds "6"]
[EventCountry "BRA"]
[SourceTitle "EXT 2021"]
[Source "ChessBase"]
[SourceDate "2020.10.23"]
[SourceVersion "1"]
[SourceVersionDate "2020.10.23"]
[SourceQuality "1"]

1. Nf3 d5 2. d4 Nf6 3. c4 c6 4. e3 e6 5. Bd3 dxc4 6. Bxc4 b5 7. Be2 Bd6 8. Qc2 Bb7 9. 0-0 Nbd7 10. b3 a6 11. Bb2 c5 12. Nbd2 0-0 13. Rac1 Rc8 14. Qd3 Qe7 15. Rfd1 Rfd8 16. h3 e5 17. dxe5 Nxe5 18. Qf5 g6 19. Qg5 Nxf3+ 20. Bxf3 Nd5 21. Qh6 Be5 22. Bxe5 Qxe5 23. Ne4 Qe7 24. Ng5 f6 25. Ne4 Ba8 26. Ng3 Qe5 27. Bg4 f5 28. Qg5 Qf6 29. Qxf6 Nxf6 30. Be2 Rxd1+ 31. Rxd1 Kf7 32. a4 c4 33. bxc4 bxc4 34. Kf1 a5 35. Rc1 c3 36. f4 Nd5 37. Kf2 Nb4 38. Bb5 c2 39. Ne2 Na2 40. g4 Nxc1 41. Nxc1 Be4 42. Ke2 Rc3 43. Kd2 Ra3 44. Ne2 Ra1 45. Nc1 Ra3 46. g5 Ke6 47. Nb3 Rxb3 0-1

[Event "Sao Paulo Karman Cup"]
[Site "Sao Paulo"]
[Date "2019.08.16"]
[Round "2"]
[White "Borger, David Lupovici"]
[Black "Casarin, Luis Marcio Pinhatt"]
[Result "0-1"]
[WhiteElo "1603"]
[BlackElo "1847"]
[PlyCount "66"]
[EventDate "2019.08.16"]
[EventType "swiss"]
[EventRounds "6"]
[EventCountry "BRA"]
[SourceTitle "EXT 2020"]
[Source "ChessBase"]
[SourceDate "2019.10.17"]
[SourceVersion "1"]
[SourceVersionDate "2019.10.17"]
[SourceQuality "1"]

1. d4 Nf6 2. c4 e6 3. Nf3 c5 4. d5 exd5 5. cxd5 d6 6. Nc3 a6 7. a4 g6 8. h3 Bg7 9. e4 0-0 10. Bd3 Nbd7 11. 0-0 Nh5 12. Bg5 Qc7 13. Qd2 Re8 14. Bh6 Ne5 15. Nxe5 Bxe5 16. f4 Bd4+ 17. Kh2 f5 18. Rae1 Qf7 19. a5 Bd7 20. exf5 gxf5 21. Rxe8+ Rxe8 22. Re1 Ng7 23. Bxg7 Kxg7 24. Rxe8 Qxe8 25. Qc2 Kf6 26. Ne2 Qe3 27. Qd1 Be8 28. Ng3 Qxf4 29. Qe1 Be5 30. b3 h5 31. Bxf5 Qxg3+ 32. Qxg3 Bxg3+ 33. Kxg3 Kxf5 0-1

[Event "Florianopolis op 4th"]
[Site "Florianopolis"]
[Date "2018.01.23"]
[Round "7"]
[White "Casarin, Luis Marcio Pinhatt"]
[Black "Buganca, Luiz Henrique Da Si"]
[Result "1/2-1/2"]
[WhiteElo "1909"]
[BlackElo "1663"]
[PlyCount "62"]
[EventDate "2018.01.19"]
[EventType "swiss"]
[EventRounds "10"]
[EventCountry "BRA"]
[SourceTitle "EXT 2019"]
[Source "ChessBase"]
[SourceDate "2018.10.10"]
[SourceVersion "1"]
[SourceVersionDate "2018.10.10"]
[SourceQuality "1"]

1. Nf3 c5 2. c4 Nc6 3. e3 e6 4. Be2 g6 5. 0-0 Bg7 6. Nc3 Nge7 7. a3 0-0 8. Rb1 d5 9. cxd5 exd5 10. d4 cxd4 11. Nxd4 Nxd4 12. exd4 Nf5 13. Bf3 Nxd4 14. Bxd5 Bf5 15. Be4 Qd7 16. Be3 Bxe4 17. Nxe4 Rad8 18. Re1 Qc6 19. Bxd4 Rxd4 20. Qf3 Re8 21. Nf6+ Bxf6 22. Rxe8+ Qxe8 23. Qxf6 Re4 24. b3 Qe5 25. Qxe5 Rxe5 26. Kf1 Kg7 27. b4 Kf6 28. Rc1 a5 29. Rc7 axb4 30. Rxb7 bxa3 31. Ra7 Rb5 1/2-1/2

[Event "Florianopolis op 4th"]
[Site "Florianopolis"]
[Date "2018.01.19"]
[Round "1"]
[White "Casarin, Luis Marcio Pinhatt"]
[Black "Gomes, Marco Tulio Caldeir"]
[Result "1-0"]
[WhiteElo "1909"]
[BlackElo "1761"]
[PlyCount "99"]
[EventDate "2018.01.19"]
[EventType "swiss"]
[EventRounds "10"]
[EventCountry "BRA"]
[SourceTitle "CBM 182 Extra"]
[Source "ChessBase"]
[SourceDate "2018.02.23"]
[SourceVersion "1"]
[SourceVersionDate "2018.02.23"]
[SourceQuality "1"]

1. Nf3 Nf6 2. c4 e6 3. d4 b6 4. e3 Bb7 5. Bd3 Be7 6. Nbd2 d5 7. 0-0 0-0 8. b3 c5 9. dxc5 bxc5 10. Bb2 Nbd7 11. Rc1 Re8 12. Qe2 Bf8 13. Bb1 Rc8 14. Rfd1 Qe7 15. Ne5 Nxe5 16. Bxe5 Red8 17. Nf3 g6 18. h3 Bg7 19. Bh2 Ne4 20. Bxe4 dxe4 21. Ne1 Bf6 22. Rc2 Rxd1 23. Qxd1 Rd8 24. Rd2 Rxd2 25. Qxd2 Qd8 26. Qxd8+ Bxd8 27. Bd6 Bb6 28. Nc2 a5 29. Kf1 Ba6 30. Na3 f6 31. Nb5 Kf7 32. Nc3 f5 33. Na4 Ba7 34. Nxc5 Bxc5 35. Bxc5 a4 36. Ke1 Ke8 37. Kd2 Kd7 38. Kc3 axb3 39. axb3 Kc6 40. Bd4 g5 41. b4 Bb7 42. Bf6 h6 43. b5+ Kd6 44. Kd4 g4 45. c5+ Kc7 46. Be5+ Kd8 47. c6 Ba8 48. Kc5 h5 49. Kd6 h4 50. Kxe6 1-0

[Event "Ilha Comprida Cabeca Memorial U2200"]
[Site "Ilha Comprida"]
[Date "2016.08.21"]
[Round "5.1"]
[White "Caldeira, Adriano"]
[Black "Casarin, Luis Marcio Pinhatt"]
[Result "1-0"]
[WhiteElo "2191"]
[BlackElo "1851"]
[PlyCount "75"]
[EventDate "2016.08.20"]
[EventType "swiss"]
[EventRounds "6"]
[EventCountry "BRA"]
[SourceTitle "EXT 2022"]
[Source "ChessBase"]
[SourceDate "2021.10.06"]
[SourceVersion "1"]
[SourceVersionDate "2021.10.06"]
[SourceQuality "1"]

1. e4 c5 2. Nf3 d6 3. d4 cxd4 4. Nxd4 Nf6 5. Nc3 a6 6. Bg5 e6 7. f4 Be7 8. Qf3 Qc7 9. 0-0-0 0-0 10. Qg3 b5 11. e5 dxe5 12. fxe5 Ne8 13. Bd3 Bxg5+ 14. Qxg5 Nd7 15. Nf3 h6 16. Qe7 Nxe5 17. Bh7+ Kxh7 18. Qxf8 Nxf3 19. Qxe8 Qf4+ 20. Kb1 Nd2+ 21. Ka1 Bb7 22. Qd7 Bxg2 23. Rhg1 Nc4 24. Rxg2 Ne3 25. Qd2 Nxg2 26. Qxg2 Ra7 27. Ne4 Rd7 28. Rf1 Rd4 29. Ng3 Qd6 30. Qf3 f5 31. a3 b4 32. axb4 Qxb4 33. Kb1 Rd2 34. Rd1 Rxh2 35. Nxf5 Qc5 36. Nd4 e5 37. Qf5+ Kh8 38. Ne6 1-0

[Event "BRA-ch Amateur U2000"]
[Site "Sao Paulo"]
[Date "2016.05.27"]
[Round "3"]
[White "Dias, Joao Batista de Sou"]
[Black "Casarin, Luis Marcio Pinhatt"]
[Result "1/2-1/2"]
[WhiteElo "1921"]
[BlackElo "1819"]
[PlyCount "48"]
[EventDate "2016.05.26"]
[EventType "swiss"]
[EventRounds "7"]
[EventCountry "BRA"]
[SourceTitle "EXT 2019"]
[Source "ChessBase"]
[SourceDate "2018.10.10"]
[SourceVersion "1"]
[SourceVersionDate "2018.10.10"]
[SourceQuality "1"]

1. g3 Nf6 2. Bg2 c5 3. c4 Nc6 4. Nf3 e6 5. Nc3 Be7 6. 0-0 0-0 7. e4 d6 8. d3 a6 9. Re1 Qc7 10. b3 Re8 11. Bb2 Rb8 12. a4 b6 13. d4 cxd4 14. Nxd4 Bb7 15. Nxc6 Qxc6 16. Qd3 Ng4 17. Qe2 Ne5 18. Nd1 Bf6 19. Rc1 Qc5 20. Ne3 Nd7 21. Bxf6 Nxf6 22. Qd3 Red8 23. Rcd1 h6 24. h3 Rd7 1/2-1/2

[Event "Rio Claro IRT 2nd"]
[Site "Rio Claro"]
[Date "2015.09.05"]
[Round "1.4"]
[White "Casarin, Luis Marcio Pinhatt"]
[Black "Machado, Felipe Julio"]
[Result "1-0"]
[WhiteElo "1838"]
[BlackElo "1877"]
[PlyCount "85"]
[EventDate "2015.09.05"]
[EventType "swiss"]
[EventRounds "5"]
[EventCountry "BRA"]
[SourceTitle "EXT 2022"]
[Source "ChessBase"]
[SourceDate "2021.10.06"]
[SourceVersion "1"]
[SourceVersionDate "2021.10.06"]
[SourceQuality "1"]

1. c4 Nf6 2. Nf3 g6 3. Nc3 Bg7 4. e3 0-0 5. Be2 d6 6. 0-0 c5 7. d4 Nbd7 8. b3 a6 9. Bb2 Re8 10. Qc2 Qc7 11. Rac1 b6 12. Rfd1 e6 13. Qd2 Bf8 14. dxc5 dxc5 15. e4 Ng4 16. Qg5 h5 17. Rc2 Bh6 18. Qh4 Bb7 19. h3 Nge5 20. Nxe5 Nxe5 21. Qg3 Rac8 22. f4 Nc6 23. e5 Nd4 24. Rcd2 Nxe2+ 25. Rxe2 Red8 26. Red2 Rxd2 27. Rxd2 Rd8 28. Qe3 Rxd2 29. Qxd2 Qc6 30. Bc1 Bxf4 31. Qd8+ Kg7 32. Qf6+ Kg8 33. Nd5 exd5 34. Qxc6 Bxc6 35. cxd5 Bxe5 36. dxc6 Kf8 37. Bb2 Bg3 38. Bf6 Ke8 39. Kf1 Bd6 40. Ke2 Bc7 41. Kd3 b5 42. Ke4 Bb8 43. Kd5 1-0

[Event "Rio de Janeiro Borensztajn op 3rd"]
[Site "Rio de Janeiro"]
[Date "2015.06.28"]
[Round "7"]
[White "De Haro, Martim Alfonso"]
[Black "Casarin, Luis Marcio Pinhatt"]
[Result "0-1"]
[WhiteElo "1987"]
[BlackElo "1835"]
[PlyCount "40"]
[EventDate "2015.06.25"]
[EventType "swiss"]
[EventRounds "7"]
[EventCountry "BRA"]
[SourceTitle "CBM 167 Extra"]
[Source "ChessBase"]
[SourceDate "2015.09.14"]
[SourceVersion "1"]
[SourceVersionDate "2015.09.14"]
[SourceQuality "1"]

1. d4 Nf6 2. c4 e6 3. g3 c5 4. d5 exd5 5. cxd5 d6 6. Bg2 g6 7. Nf3 Bg7 8. 0-0 0-0 9. Nc3 a6 10. e4 Bg4 11. h3 Bxf3 12. Qxf3 Nbd7 13. Bf4 Qc7 14. g4 b5 15. Qg3 Ne8 16. a3 Ne5 17. Rad1 Qe7 18. Bc1 Nc4 19. Rfe1 g5 20. Ne2 Nxb2 0-1

[Event "Sao Paulo Salles Cup 3rd"]
[Site "Sao Paulo"]
[Date "2015.03.21"]
[Round "3"]
[White "Casarin, Luis Marcio Pinhatt"]
[Black "Atanes Netto, Severiano"]
[Result "1-0"]
[WhiteElo "1860"]
[BlackElo "1746"]
[PlyCount "159"]
[EventDate "2015.03.20"]
[EventType "swiss"]
[EventRounds "6"]
[EventCountry "BRA"]
[SourceTitle "CBM 165 Extra"]
[Source "ChessBase"]
[SourceDate "2015.04.21"]
[SourceVersion "1"]
[SourceVersionDate "2015.04.21"]
[SourceQuality "1"]

1. Nf3 Nf6 2. c4 g6 3. Nc3 e6 4. e3 b6 5. a3 Bb7 6. Be2 Bg7 7. 0-0 0-0 8. Rb1 d5 9. b4 Nbd7 10. Bb2 c5 11. d3 dxc4 12. dxc4 Ne4 13. Nxe4 Bxe4 14. Bxg7 Kxg7 15. Rb2 Qc7 16. Rd2 Rad8 17. Qa1+ Kg8 18. Rfd1 Bxf3 19. Bxf3 Ne5 20. Be2 Rxd2 21. Rxd2 cxb4 22. axb4 Nxc4 23. Rc2 b5 24. h4 h5 25. Qf6 Qd8 26. Qxd8 Rxd8 27. Bxc4 bxc4 28. Rxc4 Rd1+ 29. Kh2 Rb1 30. Kg3 Kg7 31. Kf3 Kf6 32. g3 Rb2 33. Rf4+ Ke7 34. Rd4 e5 35. Rc4 Kd6 36. g4 hxg4+ 37. Rxg4 Kc6 38. Rc4+ Kd6 39. e4 f5 40. exf5 gxf5 41. h5 e4+ 42. Kg3 Rb3+ 43. Kh4 Rf3 44. Rc2 Ke6 45. Kg5 e3 46. fxe3 Rxe3 47. Rc6+ Kd7 48. Ra6 Re4 49. Rxa7+ Ke6 50. Ra6+ Ke5 51. b5 Rg4+ 52. Kh6 f4 53. b6 Kd6 54. Ra4 Kc6 55. Rb4 Kb7 56. Kh7 Rg5 57. h6 Rf5 58. Kg6 Rf8 59. Kg7 Rf5 60. h7 Rg5+ 61. Kh6 Rg4 62. h8Q Rh4+ 63. Kg7 Rxh8 64. Kxh8 f3 65. Rf4 Kxb6 66. Rxf3 Kc5 67. Rf4 Kd5 68. Kg7 Ke5 69. Ra4 Ke6 70. Ra5 Kd6 71. Kf7 Kc6 72. Ke6 Kb6 73. Re5 Kc6 74. Rd5 Kc7 75. Rc5+ Kb6 76. Kd6 Kb7 77. Rb5+ Ka6 78. Kc6 Ka7 79. Kc7 Ka6 80. Rh5 1-0

[Event "Sao Paulo Salles Cup 3rd"]
[Site "Sao Paulo"]
[Date "2015.03.21"]
[Round "4"]
[White "Vescovi, Katherine Lemos"]
[Black "Casarin, Luis Marcio Pinhatt"]
[Result "1/2-1/2"]
[WhiteElo "1804"]
[BlackElo "1860"]
[PlyCount "79"]
[EventDate "2015.03.20"]
[EventType "swiss"]
[EventRounds "6"]
[EventCountry "BRA"]
[SourceTitle "CBM 165 Extra"]
[Source "ChessBase"]
[SourceDate "2015.04.21"]
[SourceVersion "1"]
[SourceVersionDate "2015.04.21"]
[SourceQuality "1"]

1. e4 c5 2. Nf3 d6 3. Bb5+ Bd7 4. Bxd7+ Qxd7 5. 0-0 Nc6 6. c3 Nf6 7. Qe2 e6 8. Rd1 Be7 9. d4 cxd4 10. cxd4 0-0 11. Nc3 d5 12. Ne5 Qd8 13. Bf4 a6 14. Rd3 Rc8 15. Nxc6 Rxc6 16. e5 Ne8 17. Qh5 g6 18. Qh6 f6 19. Re1 Rf7 20. Qh3 f5 21. Bh6 b5 22. a3 Qb6 23. Qf3 Qd8 24. Qd1 Qc8 25. Rg3 Kh8 26. Bg5 Ng7 27. Bxe7 Rxe7 28. Qb3 Rc4 29. Rd1 Rec7 30. h3 Qd8 31. Rgd3 Nh5 32. g3 g5 33. Kg2 Qf8 34. R3d2 g4 35. Rh1 Qh6 36. Qd1 Rg7 37. hxg4 Rxg4 38. Ne2 Nf4+ 39. Kf3 Nh3 40. Kg2 1/2-1/2